| 000 | 00574nam a22001457a 4500 | ||
|---|---|---|---|
| 082 |
_a297.092 _bSAP |
||
| 100 | _aZafar Sipal Book Home Publications | ||
| 245 |
_aMuslim Falsafay Ka Tareekhi Irtiqa: Al‑Kindi se Ibn Khaldūn tak/ _cSipal, Zafar |
||
| 260 |
_aLahore: _bBook Home Publications |
||
| 300 |
_a160 p. _c22cm. |
||
| 880 |
_6100-01\(3\r _aظفر سپل |
||
| 880 |
_6245-02\(03\r _aمسلم فلسفے کا تاریخی ارتقاء: الکندی سے ابن خلدون تک |
||
| 880 |
_6260-03\(03\r _aلاہور _b بک ہوم _c2016 |
||
| 942 |
_2ddc _cBK |
||
| 999 |
_c614329 _d614329 |
||